Nekrvavý mučedník Dr. Josef Karel Matocha, arcibiskup olomoucký, metropolita moravský / [zpracoval F.K.]
Record details
- Physical Description: 20 s. ; 21 cm
- Publisher: Olomouc : MCM, 1990
Content descriptions
| General Note: | Název z obálky |
| Bibliography, etc. Note: | Obsahuje bibliografické odkazy |
Search for related items by subject
| Subject: | Matocha, Josef Karel, 1888-1961 arcibiskupové > Česko > 19.-20. stol. |
| Genre: | biografie |
Available copies
- 1 of 1 copy available at Common Catalog SPOK.
Holds
- 0 current holds with 1 total copy.
Show Only Available Copies
| Location | Call Number / Copy Notes | Barcode | Shelving Location | Status | Due Date |
|---|---|---|---|---|---|
| KDS Library | 2:929 KoF | 204576803178 | Library | Available | - |
| LDR | 01390nam a22003857a 4500 | ||
|---|---|---|---|
| 001 | 22536 | ||
| 003 | CZ-PrJAB | ||
| 005 | 20150723084057.0 | ||
| 007 | ta | ||
| 008 | 071018s1990 xr e 000 0bcze | ||
| 020 | . | ‡q(Brož.) | |
| 035 | . | ‡a(CZ PrSKC)vkol000846111 | |
| 040 | . | ‡aOLA001 ‡bcze | |
| 043 | . | ‡ae-xr--- | |
| 072 | 7. | ‡a27 ‡xKřesťanství. Křesťanská církev všeobecně. Eklesiologie ‡2Konspekt ‡95 | |
| 072 | 7. | ‡a929 ‡xBiografie ‡2Konspekt ‡98 | |
| 080 | . | ‡a(092) ‡2MRF | |
| 080 | . | ‡a(437.3) ‡2MRF | |
| 080 | . | ‡a27-726.1 ‡2MRF | |
| 080 | . | ‡a929 ‡2MRF | |
| 245 | 0 | 0. | ‡aNekrvavý mučedník Dr. Josef Karel Matocha, arcibiskup olomoucký, metropolita moravský / ‡c[zpracoval F.K.] |
| 246 | 1 | . | ‡iNázev v tiráži: ‡aNekrvavý mučedník Dr. Josef Karel Matocha, arcibiskup olomoucký, metropolita moravský (1888-1961) |
| 246 | 3 | . | ‡aNekrvavý mučedník |
| 260 | . | ‡aOlomouc : ‡bMCM, ‡c1990 | |
| 300 | . | ‡a20 s. ; ‡c21 cm | |
| 500 | . | ‡aNázev z obálky | |
| 504 | . | ‡aObsahuje bibliografické odkazy | |
| 600 | 1 | 7. | ‡aMatocha, Josef Karel, ‡d1888-1961 ‡7jk01080749 ‡2czenas |
| 650 | 0 | 7. | ‡aarcibiskupové ‡7ph118592 ‡zČesko ‡y19.-20. stol. ‡2czenas |
| 655 | 7. | ‡abiografie ‡7fd131909 ‡2czenas | |
| 700 | 1 | . | ‡aKosatík, František, ‡d1905-1993 ‡7jn20000401421 ‡4aut |
| 900 | . | ‡aOLA001 ‡b14 | |
| 910 | . | ‡aABE463 | |
| 928 | 9 | . | ‡aMatice cyrilometodějská |
| 998 | . | ‡a003281515 | |
| 901 | . | ‡a22536 ‡b ‡c22536 ‡tbiblio | |